| 000 | 01065nam a2200325Ia 4500 | ||
|---|---|---|---|
| 003 | OSt | ||
| 005 | 20220912145330.0 | ||
| 006 | a|||||r|||| 00| 0 | ||
| 007 | ta | ||
| 008 | 220909b |||||||| |||| 00| 0 eng d | ||
| 020 | _a9780750686730 (hbd) | ||
| 024 | _a84060 | ||
| 037 | _b1238, 23/02/2009, Educational Book Agency (India) | ||
| 037 | _cTextbook | ||
| 040 |
_aCSL _beng _cCSL |
||
| 041 | _aeng | ||
| 082 | _aC9B3, P8-;1 TC | ||
| 100 | _aDoyle James E Ed. | ||
| 245 | 0 | _aNuclear safeguards, security, and nonproliferation:achieving security with technology and policy | |
| 260 |
_aAmsterdam _bElsevier _c2008 |
||
| 300 |
_axxi, 592p. _ccm. |
||
| 490 | _aButterworth-Heinemann Homeland security series | ||
| 500 | _a''Index 575-592p''. | ||
| 650 | _a Case study the khan network | ||
| 650 | _a Nuclear security | ||
| 650 | _a Nuclear test monitering | ||
| 650 | _aPhysics | ||
| 942 |
_hC9B3, P8-;1 TC _cTB _2CC |
||
| 999 |
_c29118 _d29118 |
||